00317nam a2200109Ia 4500008004100000082000800041100001700049245002500066942000600091952009500097999001500192240331s9999 xx 000 0 und d bMUT aMuthumeeran, 0aKramiyak kaviamutham cL 001040708LaWERCLbWERCLcSSCd2024-03-31l0o 398 MUTp4647r2024-03-31w2024-03-31yL c3731d3731